2022 FIFA World Cup Group F - Croatia - Canada - Statistics

General Stats
  • This quiz has been taken 83 times
  • The average score is 17 of 34
Answer Stats
Player % Correct
Luka Modrić
99%
Ivan Perišić
88%
Mateo Kovačić
87%
Alphonso Davies ¹
85%
Dominik Livaković
85%
Joško Gvardiol
85%
Marcelo Brozović
82%
Andrej Kramarić ²
81%
Dejan Lovren
76%
Jonathan David
69%
Borna Sosa
67%
Josip Juranović
61%
Marko Livaja ¹
61%
Lovro Majer ¹
54%
Mislav Oršić
54%
Zlatko Dalić
54%
Bruno Petković
49%
Nikola Vlašić
45%
Mario Pašalić
43%
Milan Borjan
43%
Atiba Hutchinson
42%
Tajon Buchanan
39%
Kamal Miller
34%
Cyle Larin
30%
Stephen Eustáquio
22%
Alistair Johnston
21%
Jonathan Osorio
19%
Junior Hoilett
19%
Richie Laryea
18%
Steven Vitória
18%
Ismaël Koné
15%
John Herdman
15%
Sam Adekugbe
9%
Lucas Cavallini
7%
No matching quizzes found
Score Distribution
Percent of People with Each Score
Percentile by Number Answered
Your Score History
You have not taken this quiz